| 000 | 01129cad a22002175a 4500 | ||
|---|---|---|---|
| 001 | E149283 | ||
| 008 | 100217s2009 xxk f 000 0 eng d | ||
| 035 | _a(Sirsi) u149283 | ||
| 041 | 0 | _aeng | |
| 050 | 0 | 4 | _a621.45 $2 18 |
| 110 | 2 |
_aScottish Natural Heritage _92794 |
|
| 245 | 0 | 0 |
_aSiting and designing windfarms in the landscape _bversion 1 _h[electronic resource] |
| 260 |
_aInverness _bSNH _c[2009] |
||
| 520 | _aSupersedes the landscape sections of "Guidelines on the Environmental Impacts of Windfarms and Small Scale Hydroelectric Schemes" published by SNH in 2001. Offers guidance on the main landscape and visual issues relevant to windfarm development. Part 1 of the guide sets out siting and design guidance for windfarms. Part 2 discusses strategic siting and design considerations for windfarms in relation to the requirements of SPP6. | ||
| 521 | _aAdvanced | ||
| 590 | _aKA | ||
| 651 | 4 |
_aScotland _y1999- |
|
| 690 | _aENVIRONMENTAL AND LAND CONSULTANCY-ENERGY-RENEWABLE ENERGY | ||
| 856 | 4 | 0 |
_uhttps://www.snh.org.uk/pubs/detail.asp?id=1434 _zView the report free of charge at www.snh.org.uk... |
| 942 | _n0 | ||
| 999 |
_c110456 _d110456 |
||